000 00387nab a22001097u 4500
008 130520b2011 xxu||||| |||| 00| 0 spa d
041 _aspa
100 1 _aSilva Moreira, Alberto da
_959432
245 0 0 _aUn nuevo Pentecostés. El Concilio Vaticano II entre la memoria y el olvido
_cAlberto da Silva Moreira
773 0 _tAlternativas
_gV.18, nº41,2011,págs. 75-88
_x0
_wRev15
942 _cAR
999 _c416561
_d416561